Southville International School and Colleges
Your cart is empty.
  • Cart
  • Lists
    Public lists Eva Luna New books Lux_list list_1
    Your lists Log in to create your own lists
  • Log in to your account
  • Your cookies
  • Search history
Southville International School and Colleges
  • Advanced search
  • Recent comments
  • Most popular
  • Libraries

Log in to your account

Log in with GOOGLE


If you do not have an external account, but do have a local account, you can still log in:

  1. Home
  2. MARC view: The Oxford handbook of Asian business systems /
Normal view MARC view ISBD view

The Oxford handbook of Asian business systems / (Record no. 288322)

[ view plain ]
MARC details
000 -LEADER
fixed length control field 04647cam a22005174a 4500
001 - CONTROL NUMBER
control field 17957233
003 - CONTROL NUMBER IDENTIFIER
control field PILC
005 - DATE AND TIME OF LATEST TRANSACTION
control field 20150805093332.0
008 - FIXED-LENGTH DATA ELEMENTS--GENERAL INFORMATION
fixed length control field 131129s2014 enka b 001 0 eng d
010 ## - LIBRARY OF CONGRESS CONTROL NUMBER
LC control number 2013956539
015 ## - NATIONAL BIBLIOGRAPHY NUMBER
National bibliography number GBB378792
Source bnb
016 7# - NATIONAL BIBLIOGRAPHIC AGENCY CONTROL NUMBER
Record control number 016488587
Source Uk
020 ## - INTERNATIONAL STANDARD BOOK NUMBER
International Standard Book Number 0199654921
020 ## - INTERNATIONAL STANDARD BOOK NUMBER
International Standard Book Number 9780199654925
035 ## - SYSTEM CONTROL NUMBER
System control number (OCoLC)ocn870961466
040 ## - CATALOGING SOURCE
Original cataloging agency SINUS
Transcribing agency SINUS
Modifying agency BDX
-- YDXCP
-- BTCTA
-- UKMGB
-- LTSCA
-- CGU
-- OCLCO
-- OCLCF
-- DLC
042 ## - AUTHENTICATION CODE
Authentication code lccopycat
050 00 - LIBRARY OF CONGRESS CALL NUMBER
Classification number HD 70.A78
Item number .O94 2014
082 04 - DEWEY DECIMAL CLASSIFICATION NUMBER
Classification number 658.0095
245 04 - TITLE STATEMENT
Title The Oxford handbook of Asian business systems /
Statement of responsibility, etc edited by Michael A. Witt and Gordon Redding.
250 ## - EDITION STATEMENT
Edition statement 1st edition.
260 ## - PUBLICATION, DISTRIBUTION, ETC. (IMPRINT)
Place of publication, distribution, etc Oxford :
Name of publisher, distributor, etc Oxford University Press,
Date of publication, distribution, etc 2014.
300 ## - PHYSICAL DESCRIPTION
Extent xvi, 735 pages :
Other physical details illustrations ;
Dimensions 26 cm.
490 1# - SERIES STATEMENT
Series statement [Oxford handbooks]
500 ## - GENERAL NOTE
General note Series statement from dust jacket.
500 ## - GENERAL NOTE
General note Includes bibliographical references and index.
505 0# - FORMATTED CONTENTS NOTE
Formatted contents note 1. Introduction -- 2. China: authoritarian capitalism -- 3. Hong Kong: hybrid capitalism as catalyst -- 4. India: from failed developmental state towards hybrid market capitalism -- 5. Indonesia: oligarchic capitalism -- 6. Japan: coordinated capitalism between institutional change and structural inertia -- 7. Laos: frontier capitalism -- 8. Malaysia: personal capitalism -- 9. The Philippines: inequality-trapped capitalism -- 10. Singapore: open state-led capitalism -- 11. South Korea: plutocratic state-led capitalism reconfiguring -- 12. Taiwan: SME-oriented capitalism in transition -- 13. Thailand: post-developmentalist capitalism -- 14. Vietnam: post-state capitalism -- 15. Business groups in Asia: an institutional perspective -- 16. Corporate governance and business systems in Asia -- 17. Culture and the business systems of Asia -- 18. Employment relations and human resource Management in Asia: explaining patterns in asian societies -- 19. Financial systems in Asia: where politics meets development -- 20. MNEs in Asian business systems -- 21. National R&D systems and technology development in Asia -- 22. The Co-evolution of global sourcing of business support functions and the economic development of Asian emerging economies -- 23. Social capital in Asia: its dual nature and function -- 24. The role of the state in Asian business systems -- 25. A survey of strategic behaviour and firm performance in Asia -- 26. Pictures of the past: historical influences in contemporary Asian business systems -- 27. Beyond production: changing dynamics of Asian business groups -- 28. Change and continuity in East Asian business systems -- 29. Asian susiness systems: implications and perspectives for comparative business systems and varieties of capitalism research -- 30. Asian business systems: implications for managerial practice.
520 ## - SUMMARY, ETC.
Summary, etc "The Oxford Handbook of Asian Business Systems aims to address this imbalance by exploring the shape and consequences of institutional variations across the political economies of different societies within Asia. Drawing on the deep knowledge of 31 leading experts, this book presents an empirical, comparative institutional analysis of 13 major Asian business systems between India and Japan. To aid comparison, each country chapter follows the same consistent outline. Complementing the country chapters are eleven contributions examining major themes across the region in comparative perspective and linking the empirical picture to existing theory on these themes. A further three chapters provide perspectives on the influence of history and institutional change. The concluding chapters spell out the implications of all these chapters for scholars in the field and for business practitioners in Asia."--Publisher's website.
650 #0 - SUBJECT ADDED ENTRY--TOPICAL TERM
Topical term or geographic name as entry element Industrial management
Geographic subdivision Asia.
650 #0 - SUBJECT ADDED ENTRY--TOPICAL TERM
Topical term or geographic name as entry element Comparative management.
650 #0 - SUBJECT ADDED ENTRY--TOPICAL TERM
Topical term or geographic name as entry element Business enterprises
Geographic subdivision Asia.
650 #7 - SUBJECT ADDED ENTRY--TOPICAL TERM
Topical term or geographic name as entry element Business enterprises.
Source of heading or term fast
650 #7 - SUBJECT ADDED ENTRY--TOPICAL TERM
Topical term or geographic name as entry element Comparative management.
Source of heading or term fast
650 #7 - SUBJECT ADDED ENTRY--TOPICAL TERM
Topical term or geographic name as entry element Industrial management.
Source of heading or term fast
651 #7 - SUBJECT ADDED ENTRY--GEOGRAPHIC NAME
Geographic name Asia.
Source of heading or term fast
700 1# - ADDED ENTRY--PERSONAL NAME
Personal name Witt, Michael A.
700 1# - ADDED ENTRY--PERSONAL NAME
Personal name Redding, S. G.
830 #0 - SERIES ADDED ENTRY--UNIFORM TITLE
Uniform title Oxford handbooks.
856 42 - ELECTRONIC LOCATION AND ACCESS
Materials specified Contributor biographical information
Uniform Resource Identifier <a href="http://www.loc.gov/catdir/enhancements/fy1413/2013956539-b.html">http://www.loc.gov/catdir/enhancements/fy1413/2013956539-b.html</a>
856 42 - ELECTRONIC LOCATION AND ACCESS
Materials specified Publisher description
Uniform Resource Identifier <a href="http://www.loc.gov/catdir/enhancements/fy1413/2013956539-d.html">http://www.loc.gov/catdir/enhancements/fy1413/2013956539-d.html</a>
856 41 - ELECTRONIC LOCATION AND ACCESS
Materials specified Table of contents only
Uniform Resource Identifier <a href="http://www.loc.gov/catdir/enhancements/fy1506/2013956539-t.html">http://www.loc.gov/catdir/enhancements/fy1506/2013956539-t.html</a>
906 ## - LOCAL DATA ELEMENT F, LDF (RLIN)
a 2
b cbc
c copycat
d 2
e ncip
f 20
g y-gencatlg
942 ## - ADDED ENTRY ELEMENTS (KOHA)
Source of classification or shelving scheme Library of Congress Classification
Koha item type Books
Call number prefix Foreign
Holdings
Withdrawn status Lost status Source of classification or shelving scheme Damaged status Home library Current library Shelving location Date acquired Source of acquisition Cost, normal purchase price Sub Shelving location Total Checkouts Full call number Barcode Date last seen Price effective from Koha item type
    Library of Congress Classification   College Library College Library Reserve Section 08/05/2015 Library Fund 10118.00     HD 70.A78 .O94 2014 C19643 08/05/2015 08/05/2015 Books

The Oxford handbook of Asian business systems /

APA

Witt M. A., Redding S. G., . (2014). The Oxford handbook of Asian business systems. Oxford: Oxford University Press.

Chicago

Witt Michael A, Redding S G, . 2014. The Oxford handbook of Asian business systems. Oxford: Oxford University Press.

Harvard

Witt M. A., Redding S. G., . (2014). The Oxford handbook of Asian business systems. Oxford: Oxford University Press.

MLA

Witt Michael A, Redding S G, . The Oxford handbook of Asian business systems. Oxford: Oxford University Press. 2014.

  • Place hold
  • Print
  • Cite
  • Add to your cart (remove)
  • Save record
    BIBTEX Dublin Core MARCXML MARC (non-Unicode/MARC-8) MARC (Unicode/UTF-8) MARC (Unicode/UTF-8, Standard) MODS (XML) RIS
  • More searches
    Search for this title in:
    Other Libraries (WorldCat) Other Databases (Google Scholar) Online Stores (Bookfinder.com) Open Library (openlibrary.org)

Exporting to Dublin Core...

SOUTHVILLE LIBRARY

Southville International School and Colleges Library

1281 Tropical Ave. Cor. Luxembourg St., BF Homes International, Las Pinas City

Tel. No. 8256374 / 252358 Loc. 117/146

Powered by Koha